[Event "FRA-ch U18"]
[Site "Vichy"]
[Date "2025.04.30"]
[Round "5"]
[White "Mendoza, Mael"]
[Black "Gaudin, Gauthier"]
[Result "1/2-1/2"]
[WhiteElo "2185"]
[BlackElo "1990"]
[PlyCount "69"]
[EventDate "2025.04.27"]
[EventType "swiss"]
[EventRounds "9"]
[EventCountry "FRA"]
[SourceTitle "CB19_2025"]
[SourceDate "2025.05.07"]
[SourceVersion "1"]
[SourceVersionDate "2025.05.07"]
[SourceQuality "1"]

1. e4 e6 2. d4 d5 3. Nc3 Nf6 4. e5 Nfd7 5. f4 c5 6. Nf3 Nc6 7. Be3 Qb6 8. Na4 Qa5+ 9. c3 b6 10. Bd2 c4 11. b4 Nxb4 12. cxb4 Bxb4 13. Qc2 Bxd2+ 14. Nxd2 b5 15. Nc3 b4 16. Nd1 Qb6 17. Nf3 a5 18. Be2 Nb8 19. a3 Ra7 20. Nb2 0-0 21. axb4 axb4 22. Rxa7 Qxa7 23. Qa4 Qb6 24. Bxc4 Bd7 25. Qb3 dxc4 26. Nxc4 Qa6 27. Kf2 Nc6 28. Ne3 Rb8 29. Qc4 Qa7 30. Rb1 b3 31. Rb2 Na5 32. Qc5 Qxc5 33. dxc5 Rc8 34. Nd2 Rxc5 35. Nxb3 1/2-1/2

[Event "FRA-chT rapid"]
[Site "Cappelle la Grande"]
[Date "2025.04.20"]
[Round "7.8"]
[White "Gaudin, Gauthier"]
[Black "Adrian, Claude"]
[Result "1/2-1/2"]
[WhiteElo "1913"]
[BlackElo "2148"]
[PlyCount "115"]
[EventDate "2025.04.19"]
[EventType "team-swiss (rapid)"]
[EventRounds "15"]
[EventCountry "FRA"]
[SourceTitle "CB17_2025"]
[SourceDate "2025.04.23"]
[SourceVersion "1"]
[SourceVersionDate "2025.04.23"]
[SourceQuality "1"]

1. e4 c5 2. Nf3 g6 3. d4 cxd4 4. Nxd4 Bg7 5. Nc3 Nc6 6. Nde2 Nf6 7. g3 0-0 8. Bg2 Rb8 9. 0-0 b5 10. h3 b4 11. Nd5 a5 12. Be3 Ba6 13. Re1 Ne5 14. Bd4 Nxd5 15. exd5 Qc7 16. f4 Nc4 17. Bxg7 Kxg7 18. Qd4+ Kg8 19. Rac1 Qb6 20. Qxb6 Rxb6 21. Nd4 Re8 22. b3 Nd6 23. c4 bxc3 24. Rxc3 a4 25. bxa4 Rb4 26. Nb5 Bxb5 27. axb5 Nxb5 28. Rce3 Kf8 29. Rb3 Rxb3 30. axb3 Rb8 31. Rb1 Nc3 32. Rb2 Rb4 33. Bf3 Ke8 34. Kf2 Kd8 35. Ke3 Na4 36. Rb1 Nc5 37. Bd1 Kc7 38. Rc1 Kd6 39. Rc4 Rb5 40. Rc3 Kxd5 41. Be2 Rb4 42. Bc4+ Kd6 43. Bxf7 e6 44. Bg8 h6 45. Bh7 g5 46. fxg5 hxg5 47. Bc2 e5 48. Rc4 Rxc4 49. bxc4 Ke6 50. h4 gxh4 51. gxh4 Kf6 52. Be4 Kg7 53. Bf3 Kh6 54. Bg4 Kg6 55. h5+ Kg5 56. Bf3 Kh6 57. Bg4 Kg5 58. Bf3 1/2-1/2

[Event "FRA-ch U16"]
[Site "Agen"]
[Date "2024.04.17"]
[Round "5"]
[White "Gaudin, Gauthier"]
[Black "Breuil, Tristan"]
[Result "0-1"]
[WhiteElo "2036"]
[BlackElo "2281"]
[PlyCount "92"]
[EventDate "2024.04.14"]
[EventType "swiss"]
[EventRounds "9"]
[EventCountry "FRA"]
[SourceTitle "EXT 2025"]
[Source "ChessBase"]
[SourceDate "2024.10.14"]
[SourceVersion "1"]
[SourceVersionDate "2024.10.14"]
[SourceQuality "1"]

1. e4 c5 2. Nf3 d6 3. Bb5+ Nd7 4. 0-0 Ngf6 5. Bd3 e6 6. c3 Be7 7. Bc2 b5 8. d4 Bb7 9. Re1 Rc8 10. a3 Qc7 11. Qe2 a6 12. Nbd2 0-0 13. e5 Nd5 14. exd6 Bxd6 15. Qe4 N7f6 16. Qh4 Ne7 17. dxc5 Qxc5 18. Nb3 Qh5 19. Qxh5 Nxh5 20. Ng5 Nf6 21. Ne4 Nxe4 22. Bxe4 Bd5 23. Nd2 Rfd8 24. Nf3 h6 25. Bxd5 Nxd5 26. Be3 Bc5 27. Bxc5 Rxc5 28. a4 b4 29. cxb4 Nxb4 30. Re2 Rdd5 31. g3 e5 32. Ra3 f5 33. Kg2 e4 34. Ne1 Rd1 35. Rae3 Rcc1 36. Rb3 a5 37. Rxb4 axb4 38. Nc2 g5 39. Ne3 f4 40. Nxd1 f3+ 41. Kf1 fxe2+ 42. Kxe2 Ra1 43. Kd2 Rxa4 44. Kc2 Ra8 45. Ne3 Rf8 46. Nd1 Rf3 0-1

[Event "Orsay Blitz op"]
[Site "Europe Echecs INT"]
[Date "2023.09.17"]
[Round "5"]
[White "Gaudin, Gauthier"]
[Black "Daspres, Loic"]
[Result "0-1"]
[WhiteElo "1854"]
[BlackElo "2209"]
[PlyCount "118"]
[EventDate "2023.09.17"]
[EventType "swiss (blitz)"]
[EventRounds "11"]
[EventCountry "FRA"]
[SourceTitle "EXT 2025"]
[Source "ChessBase"]
[SourceDate "2024.10.14"]
[SourceVersion "1"]
[SourceVersionDate "2024.10.14"]
[SourceQuality "1"]

1. e4 c5 2. Nf3 d6 3. d4 cxd4 4. Nxd4 Nf6 5. Nc3 a6 6. Be3 e5 7. Nb3 Be6 8. f3 Be7 9. Qd2 Nbd7 10. 0-0-0 h5 11. Nd5 Nxd5 12. exd5 Bf5 13. Kb1 Rc8 14. Bd3 Bxd3 15. Qxd3 b5 16. g4 Rc4 17. Nd2 Rc8 18. Ne4 Qc7 19. g5 Qc4 20. Qd2 b4 21. Rhe1 g6 22. Bf2 0-0 23. Qe2 a5 24. Qxc4 Rxc4 25. Bg3 Rfc8 26. Rc1 Nc5 27. Nxc5 R8xc5 28. f4 Rxd5 29. fxe5 dxe5 30. Bxe5 Bxg5 31. Rcd1 Rxd1+ 32. Rxd1 f6 33. Bg3 h4 34. b3 Rc5 35. Bd6 Rb5 36. Re1 Rb7 37. a4 Kf7 38. Bc5 f5 39. Kb2 Bf6+ 40. Kc1 g5 41. Re2 Kg6 42. Be3 f4 43. Bd2 Kf5 44. h3 Re7 45. Rf2 Bd4 46. Rg2 Bf6 47. Kd1 f3 48. Rf2 Ke4 49. Rf1 Re5 50. Re1+ Kf5 51. Rf1 g4 52. hxg4+ Kxg4 53. Rg1+ Kf5 54. Rf1 Kg4 55. Rg1+ Kh3 56. Rg6 Rf5 57. Rg1 f2 58. Rf1 Kg2 59. Ke2 Bd4 0-1

[Event "Orsay Blitz op"]
[Site "Europe Echecs INT"]
[Date "2023.09.17"]
[Round "10"]
[White "Matinian, Nikita"]
[Black "Gaudin, Gauthier"]
[Result "1/2-1/2"]
[WhiteElo "2421"]
[BlackElo "1854"]
[PlyCount "88"]
[EventDate "2023.09.17"]
[EventType "swiss (blitz)"]
[EventRounds "11"]
[EventCountry "FRA"]
[SourceTitle "EXT 2025"]
[Source "ChessBase"]
[SourceDate "2024.10.14"]
[SourceVersion "1"]
[SourceVersionDate "2024.10.14"]
[SourceQuality "1"]

1. e4 e6 2. d4 d5 3. Nc3 Nf6 4. Bg5 dxe4 5. Nxe4 Nbd7 6. Nf3 Be7 7. Nxf6+ Bxf6 8. h4 c5 9. Qd2 cxd4 10. 0-0-0 Qb6 11. Bxf6 Nxf6 12. Qxd4 Qxd4 13. Rxd4 0-0 14. Ne5 b6 15. Rh3 Bb7 16. Ra3 g6 17. g4 a6 18. g5 Nd5 19. c4 Rfc8 20. Kd2 Ne7 21. Nd7 Rd8 22. Rad3 Nc6 23. Nf6+ Kg7 24. Rxd8 Rxd8 25. Rxd8 Nxd8 26. b4 h6 27. Ne8+ Kh7 28. Nd6 Bc6 29. c5 b5 30. a4 hxg5 31. hxg5 Kg7 32. axb5 axb5 33. Bxb5 Bd5 34. Be8 Kf8 35. Bxf7 Nxf7 36. Kc3 Nxd6 37. cxd6 Ke8 38. Kd4 Kd7 39. Ke5 Bc4 40. f4 Bb5 41. Kf6 Bd3 42. Ke5 Bb5 43. Kf6 Bd3 44. Ke5 Bb5 1/2-1/2

[Event "Clichy rapid op"]
[Site "Clichy"]
[Date "2022.07.??"]
[Round "2"]
[White "Gaudin, Gauthier"]
[Black "Bacrot, Alexandre"]
[Result "0-1"]
[WhiteElo "1664"]
[BlackElo "2323"]
[PlyCount "72"]
[EventDate "2022.07.09"]
[EventType "swiss (rapid)"]
[EventRounds "11"]
[EventCountry "FRA"]
[SourceTitle "EXT 2025"]
[Source "ChessBase"]
[SourceDate "2024.10.14"]
[SourceVersion "1"]
[SourceVersionDate "2024.10.14"]
[SourceQuality "1"]

1. e4 e5 2. Nf3 Nc6 3. Bb5 a6 4. Ba4 Nge7 5. 0-0 g6 6. c3 Bg7 7. d4 exd4 8. cxd4 b5 9. Bc2 d6 10. h3 0-0 11. Nc3 Bb7 12. d5 Na5 13. a4 b4 14. Na2 c5 15. dxc6 Nexc6 16. Bd2 Nc4 17. Nxb4 Nxb2 18. Qe1 Nxb4 19. Bxb4 Rc8 20. Rc1 Re8 21. Qd2 Nc4 22. Qd3 Bxe4 23. Qb3 Bxf3 24. Qxf3 a5 25. Be1 Qg5 26. Rd1 Nb2 27. Rd5 Re5 28. Bb3 Nc4 29. Bxc4 Rxc4 30. Rxd6 Qe7 31. Rd1 Rc8 32. Bxa5 Rxa5 33. Rfe1 Re5 34. Rxe5 Qxe5 35. Qb7 Rb8 36. Qd7 Bf6 0-1

[Event "Syre Memorial op 43th"]
[Site "Issy les Moulineaux"]
[Date "2022.05.27"]
[Round "3.3"]
[White "Gaudin, Gauthier"]
[Black "Lambrechts, Koen"]
[Result "1-0"]
[WhiteElo "1536"]
[BlackElo "2349"]
[PlyCount "71"]
[EventDate "2022.05.27"]
[EventType "swiss"]
[EventRounds "7"]
[EventCountry "FRA"]
[SourceTitle "EXT 2023"]
[Source "ChessBase"]
[SourceDate "2022.10.05"]
[SourceVersion "1"]
[SourceVersionDate "2022.10.05"]
[SourceQuality "1"]

1. e4 c5 2. Nf3 d6 3. Bb5+ Nd7 4. a4 a6 5. Be2 e6 6. 0-0 Ngf6 7. Nc3 Ne5 8. d4 Nxf3+ 9. Bxf3 cxd4 10. Qxd4 Qc7 11. Bg5 Be7 12. Rfd1 Bd7 13. Bxf6 gxf6 14. a5 Rc8 15. Qe3 Qc5 16. Qd2 h5 17. e5 Qxe5 18. Bxb7 Rb8 19. Bxa6 Bc6 20. Bf1 Rg8 21. Qd4 Qxd4 22. Rxd4 Rxb2 23. Rc4 Kd7 24. Na4 Rb5 25. a6 Kc7 26. Nc3 Rb2 27. Na4 Rb5 28. Nc3 Rbg5 29. f4 Rg4 30. a7 Ra8 31. Ra6 Kd7 32. Rcxc6 Rxf4 33. Bb5 Kd8 34. Rab6 Rxa7 35. Rb8+ Kd7 36. Rcc8# 1-0

[Event "Cappelle Online Blitz op"]
[Site "Europe Echecs INT"]
[Date "2022.01.09"]
[Round "1"]
[White "Gaudin, Gauthier"]
[Black "Navarro Torres, Pedro Manuel"]
[Result "1-0"]
[WhiteElo "1371"]
[BlackElo "2130"]
[PlyCount "87"]
[EventDate "2022.01.09"]
[EventType "swiss (blitz)"]
[EventRounds "11"]
[EventCountry "FRA"]
[SourceTitle "EXT 2023"]
[Source "ChessBase"]
[SourceDate "2022.10.05"]
[SourceVersion "1"]
[SourceVersionDate "2022.10.05"]
[SourceQuality "1"]

1. e4 e5 2. Nf3 d5 3. exd5 Bd6 4. Nc3 Nf6 5. Bb5+ c6 6. dxc6 bxc6 7. Bd3 0-0 8. 0-0 Nbd7 9. Re1 Re8 10. Ne4 Nxe4 11. Bxe4 Qc7 12. c3 Nf6 13. h3 Nxe4 14. Rxe4 f5 15. Re1 e4 16. Nd4 Bd7 17. d3 c5 18. Nc2 exd3 19. Rxe8+ Rxe8 20. Qxd3 Bh2+ 21. Kh1 Bc6 22. Bd2 Be4 23. Qc4+ Kh8 24. Ne1 Bf4 25. Bxf4 Qxf4 26. Kg1 Qd6 27. Qe2 Bc6 28. Qc2 Qd5 29. Nf3 h6 30. Re1 Qf7 31. Ne5 Qf6 32. f4 Be4 33. Qd2 Qh4 34. Qf2 Qf6 35. Qg3 Kh7 36. Kh2 Rd8 37. Qe3 g5 38. Qxc5 gxf4 39. Qc7+ Kg8 40. Qc4+ Bd5 41. Qxf4 Re8 42. c4 Be4 43. Nf3 Rd8 44. Rxe4 1-0

[Event "Cappelle Online Blitz op"]
[Site "Europe Echecs INT"]
[Date "2022.01.09"]
[Round "6"]
[White "Shoker, Samy"]
[Black "Gaudin, Gauthier"]
[Result "1-0"]
[WhiteElo "2491"]
[BlackElo "1371"]
[PlyCount "99"]
[EventDate "2022.01.09"]
[EventType "swiss (blitz)"]
[EventRounds "11"]
[EventCountry "FRA"]
[SourceTitle "EXT 2023"]
[Source "ChessBase"]
[SourceDate "2022.10.05"]
[SourceVersion "1"]
[SourceVersionDate "2022.10.05"]
[SourceQuality "1"]

1. e4 c5 2. Nf3 e6 3. d4 cxd4 4. Nxd4 Nc6 5. Nc3 a6 6. Be3 Nge7 7. h4 Qc7 8. h5 h6 9. a4 d6 10. Ndb5 axb5 11. Nxb5 Qa5+ 12. c3 Ng8 13. b4 Qd8 14. a5 Nf6 15. Bb6 Qd7 16. Nc7+ Ke7 17. Nxa8 Nxe4 18. Qf3 d5 19. Bb5 Nd6 20. Ba4 f6 21. Bc5 Kf7 22. Nb6 Qd8 23. Qg4 Ne5 24. Qe2 Ne4 25. Bxf8 Rxf8 26. 0-0 Nxc3 27. Qc2 Ne4 28. f3 Ng3 29. Rfc1 f5 30. Qxc8 Qg5 31. Qc7+ Kf6 32. Re1 Nxf3+ 33. gxf3 Ne4+ 34. Kf1 Qh4 35. fxe4 Qh1+ 36. Ke2 Qxe4+ 37. Kd2 Qxb4+ 38. Qc3+ Qxc3+ 39. Kxc3 g6 40. Nd7+ Kg5 41. Nxf8 gxh5 42. Nxe6+ Kf6 43. Kd4 b5 44. axb6 h4 45. b7 h3 46. b8Q f4 47. Qf8+ Kg6 48. Rg1+ Kh5 49. Qf5+ Kh4 50. Qg4# 1-0